000 01264nam a22001937a 4500
005 20240202125427.0
010 _aB-757259-262
020 _c975.00
_a9789393247070
035 _aB-757259-262
037 _bअंकुर प्रकाशन
082 _a320
100 _aअमित कुमार
_961600
245 _aस्वतंत्र एवं निशपक्ष चुनाव में निर्वाचन आयोग की भूमिका /
_cअमित कुमार
260 _aदिल्ली
_bअंकुर प्रकाशन
_c2022
270 _a526, प्रथम तल,स्ट्रीट नं. 5, विजय पार्क, मौज पुर
_bदिल्ली
_e110053
300 _a311पृष्ट.;
_c22सेमी (सजिल्द)
942 _2ddc
_cHN
_h320
_mअमित
999 _c200220
_d200220